000
00234nam a2200097Ia 4500
005
20251222114405.0
008
251222s1900||||xx |||||||||||||| ||spa||
082
_a
DVD0120/V86/1985
245
0
_a
Misa de la Coronación K.317:
942
_c
DVD
999
_c
1813
_d
1813